Materials for a history of Tibetan literature. (Record no. 59833)

MARC details
000 -LEADER
fixed length control field 00760cam a22002531 4500
001 - CONTROL NUMBER
control field sa 64006710
003 - CONTROL NUMBER IDENTIFIER
control field DLC
005 - DATE AND TIME OF LATEST TRANSACTION
control field 20260227112041.0
008 - FIXED-LENGTH DATA ELEMENTS--GENERAL INFORMATION
fixed length control field 790809s1963 ii b 000 0 eng
010 ## - LIBRARY OF CONGRESS CONTROL NUMBER
LC control number sa 64006710
035 ## - SYSTEM CONTROL NUMBER
System control number (OCoLC)5255808
040 ## - CATALOGING SOURCE
Original cataloging agency DLC
Transcribing agency OCl
Modifying agency WU
-- DLC
041 0# - LANGUAGE CODE
Language code of text/sound track or separate title engtib
042 ## - AUTHENTICATION CODE
Authentication code premarc
050 00 - LIBRARY OF CONGRESS CALL NUMBER
Classification number PL3731
Item number .L6
100 0# - MAIN ENTRY--PERSONAL NAME
Personal name Lokesh Chandra,
Relator term comp.
245 10 - TITLE STATEMENT
Title Materials for a history of Tibetan literature.
260 ## - PUBLICATION, DISTRIBUTION, ETC.
Place of publication, distribution, etc. New Delhi,
Name of publisher, distributor, etc. [International Academy of Indian Culture]
Date of publication, distribution, etc. 1963.
300 ## - PHYSICAL DESCRIPTION
Extent 3 v.
Dimensions 29 cm.
490 1# - SERIES STATEMENT
Series statement Sata-pitaka series. Indo-Asian literatures,
Volume/sequential designation v. 28-30
504 ## - BIBLIOGRAPHY, ETC. NOTE
Bibliography, etc. note Includes bibliographical references.
650 #0 - SUBJECT ADDED ENTRY--TOPICAL TERM
Topical term or geographic name entry element Tibetan literature.
830 #0 - SERIES ADDED ENTRY--UNIFORM TITLE
Uniform title Śata-pitaka series ;
Volume/sequential designation v. 28.

No items available.

Powered by Koha